[Event "Titled Tuesday intern op 16th Apr Late"]
[Site "Chess.com INT"]
[Date "2024.04.16"]
[Round "6"]
[White "Kushko, Dmitriy"]
[Black "Maksimovic, Bojan"]
[Result "1-0"]
[WhiteElo "2445"]
[BlackElo "2485"]
[PlyCount "113"]
[EventDate "2024.04.16"]
[EventType "swiss (blitz)"]
[EventRounds "11"]
[EventCountry "USA"]
[SourceTitle "CB17_2024"]
[SourceDate "2024.04.24"]
[SourceVersion "1"]
[SourceVersionDate "2024.04.24"]
[SourceQuality "1"]

1. g3 g6 2. d4 Bg7 3. e4 d6 4. Nc3 Bd7 5. Bg2 Qc8 6. h3 e5 7. Nf3 Nc6 8. Be3 Nf6 9. d5 Ne7 10. Nd2 h5 11. Nf3 Nh7 12. Qd2 b5 13. a4 b4 14. Ne2 a5 15. c3 bxc3 16. Nxc3 Rb8 17. Nb5 Bxb5 18. axb5 Rxb5 19. Rxa5 Rxa5 20. Qxa5 0-0 21. 0-0 c5 22. dxc6 Nxc6 23. Qb5 Nd4 24. Nxd4 exd4 25. Bf4 Qe6 26. Ra1 h4 27. g4 Be5 28. Bd2 Qf6 29. f4 Bxf4 30. Rf1 Qe5 31. Qxe5 Bxe5 32. b4 Rb8 33. Rb1 Nf8 34. b5 Ne6 35. b6 Nc5 36. Rb5 Na4 37. Ba5 Nc5 38. Kf2 Kf8 39. Kf3 Ke7 40. Bf1 d3 41. Ke3 Bh2 42. Bxd3 Bg1+ 43. Ke2 Kd7 44. Bc4 Kc6 45. Rb1 Nxe4 46. Rxg1 d5 47. Bd3 Ng3+ 48. Ke3 Ra8 49. Rc1+ Kb7 50. Rc7+ Kb8 51. Bb4 d4+ 52. Kxd4 Ra4 53. Kc3 f5 54. Bd6 Ne4+ 55. Bxe4 fxe4 56. Rc4+ Kb7 57. Rxa4 1-0

[Event "Titled Tuesday intern op 16th Apr Late"]
[Site "Chess.com INT"]
[Date "2024.04.16"]
[Round "8"]
[White "Maksimovic, Bojan"]
[Black "Bykov, Egor"]
[Result "1-0"]
[WhiteElo "2485"]
[BlackElo "2424"]
[PlyCount "31"]
[EventDate "2024.04.16"]
[EventType "swiss (blitz)"]
[EventRounds "11"]
[EventCountry "USA"]
[SourceTitle "CB17_2024"]
[SourceDate "2024.04.24"]
[SourceVersion "1"]
[SourceVersionDate "2024.04.24"]
[SourceQuality "1"]

1. a3 e5 2. e3 d5 3. d4 e4 4. c4 c6 5. Bd2 c5 6. dxc5 Bxc5 7. cxd5 Nf6 8. Nc3 0-0 9. Nh3 Bxh3 10. gxh3 Nxd5 11. Nxe4 Bb6 12. Bg2 f5 13. Nc3 Nxc3 14. Bxc3 Qe7 15. Bb4 Bc5 16. Qd5+ 1-0

[Event "Titled Tuesday intern op 16th Apr Late"]
[Site "Chess.com INT"]
[Date "2024.04.16"]
[Round "5"]
[White "Maksimovic, Bojan"]
[Black "Niemann, Hans Moke"]
[Result "0-1"]
[WhiteElo "2485"]
[BlackElo "2676"]
[PlyCount "92"]
[EventDate "2024.04.16"]
[EventType "swiss (blitz)"]
[EventRounds "11"]
[EventCountry "USA"]
[SourceTitle "CB17_2024"]
[SourceDate "2024.04.24"]
[SourceVersion "1"]
[SourceVersionDate "2024.04.24"]
[SourceQuality "1"]

1. g3 d5 2. Bg2 e5 3. c4 d4 4. d3 Nf6 5. Nf3 Nc6 6. 0-0 a5 7. e3 Be7 8. exd4 exd4 9. Bg5 0-0 10. Nbd2 h6 11. Bxf6 Bxf6 12. Re1 Bf5 13. Ne4 Be7 14. a3 a4 15. Qc2 Re8 16. Re2 Bf8 17. Rae1 Qd7 18. Nh4 Bh7 19. Qd1 Na5 20. f4 Kh8 21. Nf2 Re3 22. Be4 f5 23. Bh1 Bc5 24. Ng2 Rae8 25. Qc2 Nb3 26. Nd1 Bg6 27. Ngxe3 dxe3 28. Rxe3 Bh5 29. Kf1 Bxe3 30. Nxe3 Qd4 31. Qc3 Rxe3 32. Qxd4 Rxe1+ 33. Kxe1 Nxd4 34. Bxb7 c5 35. Bc8 Be8 36. Bb7 g5 37. fxg5 hxg5 38. Kd2 Kg7 39. Ke3 Kf6 40. h4 gxh4 41. gxh4 Ke5 42. Bc8 Bh5 43. Bd7 f4+ 44. Kd2 Nf3+ 45. Kc3 Nxh4 46. Bxa4 f3 0-1

[Event "Titled Tuesday intern op 12th Mar Late"]
[Site "Chess.com INT"]
[Date "2024.03.12"]
[Round "4"]
[White "Maksimovic, Bojan"]
[Black "Bok, Benjamin"]
[Result "1-0"]
[WhiteElo "2497"]
[BlackElo "2620"]
[PlyCount "73"]
[EventDate "2024.03.12"]
[EventType "swiss (blitz)"]
[EventRounds "11"]
[EventCountry "USA"]
[SourceTitle "CB12_2024"]
[SourceDate "2023.10.01"]
[SourceVersion "1"]
[SourceVersionDate "2023.10.01"]
[SourceQuality "1"]

1. a3 d5 2. h3 e5 3. e3 Nf6 4. d4 Nbd7 5. c4 dxc4 6. Bxc4 Bd6 7. Nc3 0-0 8. Nf3 exd4 9. Nxd4 Ne5 10. Be2 c6 11. Qc2 Ng6 12. Bd2 Re8 13. Rd1 Qc7 14. Bc1 a6 15. 0-0 Bd7 16. Nf5 Bh2+ 17. Kh1 Be5 18. Bd3 Rad8 19. Ne2 Ne7 20. Nfg3 Bc8 21. f4 Bd6 22. e4 Ng6 23. e5 Nxe5 24. fxe5 Bxe5 25. Nf4 h6 26. Ngh5 Nxh5 27. Nxh5 Qe7 28. Qf2 Be6 29. Bb1 Rxd1 30. Rxd1 Rd8 31. Re1 Bb8 32. Qc2 g6 33. Nf4 Qh4 34. Rxe6 fxe6 35. Qxg6+ Kf8 36. g3 Qe7 37. Nxe6+ 1-0

[Event "Titled Tuesday intern op 12th Mar Late"]
[Site "Chess.com INT"]
[Date "2024.03.12"]
[Round "7"]
[White "Maksimovic, Bojan"]
[Black "Martinez Ramirez, Lennis"]
[Result "0-1"]
[WhiteElo "2497"]
[BlackElo "2450"]
[PlyCount "76"]
[EventDate "2024.03.12"]
[EventType "swiss (blitz)"]
[EventRounds "11"]
[EventCountry "USA"]
[SourceTitle "CB12_2024"]
[SourceDate "2023.10.01"]
[SourceVersion "1"]
[SourceVersionDate "2023.10.01"]
[SourceQuality "1"]

1. a3 Nf6 2. h3 d5 3. e3 e5 4. d4 e4 5. c4 c6 6. Bd2 a6 7. cxd5 cxd5 8. Bb4 Bxb4+ 9. axb4 0-0 10. Nc3 Qb6 11. Qb3 Nc6 12. b5 Be6 13. Rb1 axb5 14. Qxb5 Qc7 15. Nge2 Ra5 16. Qb3 Rfa8 17. Nc1 Bf5 18. Qd1 Ra1 19. Nb3 Rxb1 20. Qxb1 Nb4 21. Be2 Qc8 22. Kd2 h5 23. Rc1 Qd8 24. Na1 Bg6 25. Nc2 Nd3 26. Bxd3 exd3 27. Nb4 Ne4+ 28. Nxe4 dxe4 29. Rc5 Qh4 30. Qe1 Ra4 31. Nd5 Kh7 32. Nc3 Rb4 33. Kc1 Qd8 34. Qd2 Qa8 35. f3 Qa1+ 36. Nb1 exf3 37. gxf3 Rxb2 38. Qxb2 d2+ 0-1

[Event "Titled Tuesday intern op 12th Mar Late"]
[Site "Chess.com INT"]
[Date "2024.03.12"]
[Round "10"]
[White "Maksimovic, Bojan"]
[Black "Perossa, Nicolas"]
[Result "1-0"]
[WhiteElo "2497"]
[BlackElo "2266"]
[PlyCount "133"]
[EventDate "2024.03.12"]
[EventType "swiss (blitz)"]
[EventRounds "11"]
[EventCountry "USA"]
[SourceTitle "CB12_2024"]
[SourceDate "2023.10.01"]
[SourceVersion "1"]
[SourceVersionDate "2023.10.01"]
[SourceQuality "1"]

1. a3 d5 2. h3 e5 3. e3 Nf6 4. d4 Nc6 5. Bb5 e4 6. c4 a6 7. Bxc6+ bxc6 8. Ne2 a5 9. Qc2 Bd6 10. Bd2 0-0 11. Bc3 Ba6 12. Nd2 a4 13. Bb4 Bxb4 14. axb4 Qb8 15. Qc3 dxc4 16. Nf4 Nd5 17. Nxd5 cxd5 18. Rxa4 Bb5 19. Ra5 Qb7 20. 0-0 Ra6 21. Rfa1 Rfa8 22. R1a3 Qb6 23. Nb1 f5 24. Rxa6 Rxa6 25. Ra5 c6 26. Qa3 Kf7 27. Nc3 Rxa5 28. bxa5 Qa6 29. f4 h5 30. Kf2 h4 31. Qb4 g6 32. Ke1 Ke6 33. Kd2 Kf7 34. Kc2 Ke6 35. Qa3 Kf7 36. Kc1 Ke6 37. Kd1 Kf7 38. Qb4 Ke6 39. Kd2 Kf7 40. Nxb5 cxb5 41. Qa3 Ke6 42. Kc3 Kd7 43. Kc2 Ke8 44. Qb4 Kf7 45. Kb1 Ke8 46. Ka2 Kf7 47. Ka3 Ke8 48. b3 Kf7 49. Kb2 Ke8 50. Qe1 Kd7 51. Qb4 Kc7 52. Qc5+ Kb8 53. b4 Qb7 54. Kc3 Qd7 55. Qb6+ Kc8 56. Qxg6 Kb7 57. Qb6+ Kc8 58. Qf6 Kb8 59. Qh8+ Ka7 60. Qxh4 Qg7 61. Qg5 Qh7 62. h4 Ka6 63. h5 Ka7 64. g3 Qh8 65. h6 Qh7 66. Qg7+ Ka6 67. Kc2 1-0

[Event "Titled Tuesday intern op 12th Mar Late"]
[Site "Chess.com INT"]
[Date "2024.03.12"]
[Round "1"]
[White "Reprintsev, Alexander"]
[Black "Maksimovic, Bojan"]
[Result "0-1"]
[WhiteElo "2241"]
[BlackElo "2497"]
[PlyCount "88"]
[EventDate "2024.03.12"]
[EventType "swiss (blitz)"]
[EventRounds "11"]
[EventCountry "USA"]
[SourceTitle "CB12_2024"]
[SourceDate "2023.10.01"]
[SourceVersion "1"]
[SourceVersionDate "2023.10.01"]
[SourceQuality "1"]

1. e4 a6 2. c4 c5 3. f4 Nc6 4. Nf3 d6 5. b3 Nf6 6. Nc3 g6 7. Bb2 Bg4 8. Nd5 Bg7 9. h3 Bxf3 10. Qxf3 0-0 11. Nxf6+ Bxf6 12. Bxf6 exf6 13. Bd3 Nd4 14. Qf2 Re8 15. 0-0 a5 16. f5 g5 17. h4 h6 18. g4 gxh4 19. Qxh4 Kg7 20. Kg2 Rh8 21. Rh1 Qe7 22. Qg3 Rh7 23. Rh5 Rah8 24. Rah1 Qe5 25. Qe3 Qe7 26. Be2 b6 27. Bd1 Qf8 28. d3 Kg8 29. Qf4 Kg7 30. Qg3 Qe7 31. Kf2 Qe5 32. R1h3 Nc6 33. Qxe5 fxe5 34. g5 hxg5 35. Rxg5+ Kf6 36. Rxh7 Rxh7 37. Rg8 Rh2+ 38. Rg2 Rxg2+ 39. Kxg2 Nb4 40. a4 Nxd3 41. Kf3 Kg5 42. Be2 Nf4 43. Bf1 Kh4 44. Kf2 Kg4 0-1

[Event "Prague op"]
[Site "Prague"]
[Date "2024.03.02"]
[Round "4"]
[White "Maksimovic, Bojan"]
[Black "Cieslak, Patryk"]
[Result "1/2-1/2"]
[WhiteElo "2497"]
[BlackElo "2300"]
[PlyCount "78"]
[EventDate "2024.02.28"]
[EventType "swiss"]
[EventRounds "9"]
[EventCountry "CZE"]
[SourceTitle "CB11_2024"]
[SourceDate "2024.03.13"]
[SourceVersion "1"]
[SourceVersionDate "2024.03.13"]
[SourceQuality "1"]

1. Nf3 c5 2. c4 Nc6 3. Nc3 Nf6 4. e3 e6 5. d4 d5 6. cxd5 Nxd5 7. Bd3 cxd4 8. exd4 Be7 9. 0-0 0-0 10. a3 Nxc3 11. bxc3 b6 12. Qc2 g6 13. Bh6 Re8 14. Rad1 Bb7 15. Be4 Qc7 16. c4 Na5 17. Bxb7 Nxb7 18. Qe4 Bf6 19. Ne5 Bg7 20. Bxg7 Kxg7 21. Rc1 Rac8 22. Qe2 Nd6 23. c5 Nf5 24. Rfd1 Red8 25. Nf3 Rd5 26. Qb2 Qd8 27. h3 Kg8 28. cxb6 Rxc1 29. Rxc1 Qxb6 30. Qxb6 axb6 31. Rb1 Ra5 32. Rxb6 Rxa3 33. Rb8+ Kg7 34. Rb7 Nd6 35. Rd7 Ra6 36. Ng5 Kg8 37. Rd8+ Kg7 38. Rd7 Kg8 39. Rd8+ Kg7 1/2-1/2

[Event "Titled Tuesday intern op 13th Feb Early"]
[Site "Chess.com INT"]
[Date "2024.02.13"]
[Round "11"]
[White "Iskusnyh, Sergei"]
[Black "Maksimovic, Bojan"]
[Result "1-0"]
[WhiteElo "2440"]
[BlackElo "2497"]
[PlyCount "227"]
[EventDate "2024.02.13"]
[EventType "swiss (blitz)"]
[EventRounds "11"]
[EventCountry "USA"]
[SourceTitle "CB08_2024"]
[SourceDate "2024.02.21"]
[SourceVersion "1"]
[SourceVersionDate "2024.02.21"]
[SourceQuality "1"]

1. d4 a6 2. e4 e6 3. Nf3 d5 4. e5 c5 5. c3 Bd7 6. Bd3 cxd4 7. cxd4 Bb5 8. 0-0 Nc6 9. Nc3 Bxd3 10. Qxd3 Nge7 11. a3 Nf5 12. Bf4 Be7 13. g4 Nh4 14. Nxh4 Bxh4 15. Be3 0-0 16. f4 f5 17. g5 h6 18. gxh6 g6 19. Kh1 Kh7 20. Rg1 Rg8 21. Na4 Be7 22. Bf2 Rc8 23. b4 Qf8 24. Nc5 Bxc5 25. bxc5 Qxh6 26. Qf3 Kg7 27. Rab1 Rc7 28. Rg5 Rh8 29. Qg2 Kf7 30. Rg1 Ne7 31. Be1 Rcc8 32. Qb2 Qh3 33. R5g3 Qh5 34. Qg2 Rh7 35. Rg5 Qh3 36. Qxh3 Rxh3 37. Bg3 Nc6 38. Bf2 Rch8 39. R1g2 R8h6 40. Bg1 Rb3 41. R5g3 Rb1 42. Rd2 Rh4 43. Rdg2 Rg4 44. Rxg4 fxg4 45. Rd2 Rb3 46. Kg2 Rxa3 47. Rb2 Nd8 48. Rb6 Ke7 49. Bf2 Ra5 50. Bh4+ Ke8 51. Bxd8 Kxd8 52. Rxb7 Ra4 53. Rb6 Ke7 54. Rb7+ Ke8 55. Rb6 Kd7 56. Rd6+ Ke7 57. c6 Rxd4 58. Rd7+ Ke8 59. Ra7 Rc4 60. Rxa6 Kd8 61. Kg3 Kc7 62. Kxg4 Rxc6 63. Ra7+ Kd8 64. Kg5 Rc4 65. Kf6 Rxf4+ 66. Kxe6 d4 67. Kd6 Kc8 68. e6 d3 69. e7 Re4 70. Ra4 Re1 71. Rd4 Re3 72. Rd5 g5 73. Rc5+ Kb7 74. Re5 Rxe5 75. Kxe5 d2 76. e8Q d1Q 77. Qe7+ Kc6 78. Qf6+ Kc5 79. Qxg5 Kc6 80. h4 Qd5+ 81. Kf6 Qd6+ 82. Kf7 Qd7+ 83. Qe7 Qg4 84. Qf6+ Kb7 85. Qg5 Qc4+ 86. Kg7 Qc3+ 87. Qf6 Qg3+ 88. Kf8 Qb8+ 89. Kf7 Qh2 90. Qe7+ Ka8 91. Qe8+ Ka7 92. Qe7+ Ka8 93. Qg5 Qc7+ 94. Kg8 Qc8+ 95. Kg7 Qc7+ 96. Kg6 Qd6+ 97. Qf6 Qd3+ 98. Kg7 Qd7+ 99. Kg8 Qd5+ 100. Kf8 Qc5+ 101. Qe7 Qc7 102. h5 Qf4+ 103. Kg7 Qg4+ 104. Kh6 Qf4+ 105. Qg5 Qf8+ 106. Kh7 Qf7+ 107. Kh8 Qc7 108. Qg8+ Kb7 109. Qg7 Ka8 110. Qf8+ Kb7 111. h6 Qc3+ 112. Qg7+ Qc7 113. Qxc7+ Ka8 114. Qd7 1-0

[Event "Titled Tuesday intern op 13th Feb Late"]
[Site "Chess.com INT"]
[Date "2024.02.13"]
[Round "1"]
[White "Lebedev, Artem S"]
[Black "Maksimovic, Bojan"]
[Result "0-1"]
[WhiteElo "1979"]
[BlackElo "2497"]
[PlyCount "42"]
[EventDate "2024.02.13"]
[EventType "swiss (blitz)"]
[EventRounds "11"]
[EventCountry "USA"]
[SourceTitle "CB08_2024"]
[SourceDate "2024.02.21"]
[SourceVersion "1"]
[SourceVersionDate "2024.02.21"]
[SourceQuality "1"]

1. e4 a6 2. a4 e6 3. d4 d5 4. Nc3 Bb4 5. e5 c5 6. Nf3 Nc6 7. Be3 cxd4 8. Bxd4 Nge7 9. Bd3 Nxd4 10. Nxd4 Qc7 11. 0-0 Qxe5 12. Re1 Qc7 13. Qg4 Bxc3 14. bxc3 0-0 15. Nf3 h6 16. Qh5 f6 17. Re2 e5 18. Re3 e4 19. Nh4 exd3 20. cxd3 Nc6 21. Rae1 Qf7 0-1

[Event "Titled Tuesday intern op 13th Feb Late"]
[Site "Chess.com INT"]
[Date "2024.02.13"]
[Round "7"]
[White "Maksimovic, Bojan"]
[Black "Aghasiyev, Kamal"]
[Result "1-0"]
[WhiteElo "2497"]
[BlackElo "2441"]
[PlyCount "55"]
[EventDate "2024.02.13"]
[EventType "swiss (blitz)"]
[EventRounds "11"]
[EventCountry "USA"]
[SourceTitle "CB08_2024"]
[SourceDate "2024.02.21"]
[SourceVersion "1"]
[SourceVersionDate "2024.02.21"]
[SourceQuality "1"]

1. e4 e5 2. Nf3 Nc6 3. Bb5 a6 4. Ba4 Nf6 5. 0-0 b5 6. Bb3 Bc5 7. c3 d6 8. d4 Bb6 9. Be3 Bg4 10. Nbd2 exd4 11. cxd4 Nxd4 12. Bxd4 Bxd4 13. Bxf7+ Ke7 14. Qb3 Bb6 15. h3 Qf8 16. Bd5 Nxd5 17. exd5 Bf5 18. Rae1+ Kd7 19. Ng5 Qf6 20. Ne6 Rae8 21. Ne4 Qg6 22. Qc2 Bxe6 23. Qc6+ Kd8 24. dxe6 Qxe6 25. Nc5 Qf5 26. Nb7+ Kc8 27. Nxd6+ Kb8 28. Qb7# 1-0

[Event "Titled Tuesday intern op 13th Feb Early"]
[Site "Chess.com INT"]
[Date "2024.02.13"]
[Round "7"]
[White "Maksimovic, Bojan"]
[Black "Fedoseev, Vladimir1"]
[Result "0-1"]
[WhiteElo "2497"]
[BlackElo "2690"]
[PlyCount "116"]
[EventDate "2024.02.13"]
[EventType "swiss (blitz)"]
[EventRounds "11"]
[EventCountry "USA"]
[SourceTitle "CB08_2024"]
[SourceDate "2024.02.21"]
[SourceVersion "1"]
[SourceVersionDate "2024.02.21"]
[SourceQuality "1"]

1. d4 d5 2. Nf3 c5 3. c4 cxd4 4. cxd5 Nf6 5. Qa4+ Qd7 6. Qxd4 Qxd5 7. Nc3 Qxd4 8. Nxd4 a6 9. e4 e5 10. Nb3 Nc6 11. f3 Be6 12. Be3 Rc8 13. Nc5 Bxc5 14. Bxc5 Nd7 15. Be3 0-0 16. a3 Bb3 17. Be2 Nd4 18. Bd1 Nc5 19. Bxb3 Ncxb3 20. Rd1 Nc2+ 21. Kf2 Nxa3 22. Rd7 b5 23. Rhd1 Nc4 24. Nd5 Kh8 25. h4 Nxb2 26. Rb1 Nc5 27. Bxc5 Nd3+ 28. Ke3 Nxc5 29. Ra7 f6 30. Rc1 Ne6 31. Rxc8 Rxc8 32. Rxa6 Nd4 33. Ra7 h5 34. Ne7 Rc3+ 35. Kf2 Kh7 36. Rb7 Rc2+ 37. Kf1 Rb2 38. Nf5 Nxf5 39. exf5 b4 40. Kg1 b3 41. Kh2 Rb1 42. Kg3 b2 43. Rb8 g6 44. Rb7+ Kh6 45. fxg6 Kxg6 46. Rb6 Kf7 47. Rb7+ Ke6 48. Rb6+ Kd5 49. Kh2 f5 50. g4 e4 51. fxe4+ fxe4 52. g5 e3 53. g6 Kc5 54. Rb8 e2 55. g7 Rh1+ 56. Kxh1 e1Q+ 57. Kh2 Qe5+ 58. Kh3 Qxb8 0-1

[Event "Titled Tuesday intern op 13th Feb Early"]
[Site "Chess.com INT"]
[Date "2024.02.13"]
[Round "10"]
[White "Maksimovic, Bojan"]
[Black "Halkias, Stelios"]
[Result "0-1"]
[WhiteElo "2497"]
[BlackElo "2508"]
[PlyCount "136"]
[EventDate "2024.02.13"]
[EventType "swiss (blitz)"]
[EventRounds "11"]
[EventCountry "USA"]
[SourceTitle "CB08_2024"]
[SourceDate "2024.02.21"]
[SourceVersion "1"]
[SourceVersionDate "2024.02.21"]
[SourceQuality "1"]

1. d4 Nf6 2. Nf3 e6 3. c4 c5 4. d5 d6 5. Nc3 exd5 6. cxd5 g6 7. e4 a6 8. a4 Bg7 9. Be2 Bg4 10. Nd2 Bxe2 11. Qxe2 0-0 12. 0-0 Re8 13. a5 Nbd7 14. Nc4 Ne5 15. Nb6 Rb8 16. h3 Nfd7 17. Nca4 Nxb6 18. Nxb6 Nd7 19. Nc4 Ne5 20. Nb6 Nd7 21. Nc4 Qe7 22. Re1 Nf6 23. Qd3 Nxe4 24. Bf4 Bd4 25. Re2 Nxf2 26. Rxf2 Qe2 27. Qxe2 Rxe2 28. Raf1 Rbe8 29. Bxd6 Rxf2 30. Rxf2 Re1+ 31. Kh2 Bxf2 32. Bc7 Rc1 33. b3 Rd1 34. d6 f6 35. Nb6 Bd4 36. d7 Be5+ 37. Bxe5 fxe5 38. Kg3 Kf7 39. Kf3 Ke7 40. Ke4 Ke6 41. Ke3 Rd4 42. Kf3 g5 43. Ke3 h5 44. g4 hxg4 45. hxg4 Ke7 46. Kf3 Rd3+ 47. Ke4 Rxb3 48. Kxe5 Rxb6 49. axb6 Kxd7 50. Kd5 a5 51. Kxc5 a4 52. Kb4 Kc6 53. Kxa4 Kxb6 54. Kb4 Kc6 55. Kc4 b5+ 56. Kd4 Kb6 57. Ke5 b4 58. Kf5 b3 59. Kxg5 b2 60. Kf6 b1Q 61. g5 Qf1+ 62. Kg7 Qf5 63. g6 Kc6 64. Kh8 Qf6+ 65. g7 Qh6+ 66. Kg8 Kd7 67. Kf7 Qe6+ 68. Kf8 Qe8# 0-1

[Event "Titled Tuesday intern op 13th Feb Late"]
[Site "Chess.com INT"]
[Date "2024.02.13"]
[Round "4"]
[White "Nouali, Mohamed"]
[Black "Maksimovic, Bojan"]
[Result "0-1"]
[WhiteElo "2137"]
[BlackElo "2497"]
[PlyCount "72"]
[EventDate "2024.02.13"]
[EventType "swiss (blitz)"]
[EventRounds "11"]
[EventCountry "USA"]
[SourceTitle "CB08_2024"]
[SourceDate "2024.02.21"]
[SourceVersion "1"]
[SourceVersionDate "2024.02.21"]
[SourceQuality "1"]

1. e4 a6 2. Bc4 e6 3. Nc3 b5 4. Bb3 c5 5. d3 Nc6 6. Nge2 Na5 7. 0-0 Bb7 8. f4 Nf6 9. e5 Nxb3 10. axb3 Nd5 11. Ne4 f5 12. exf6 Nxf6 13. N2g3 Be7 14. Nxf6+ Bxf6 15. Qh5+ g6 16. Qxc5 Rc8 17. Qf2 0-0 18. c3 Bh4 19. Qe3 Bxg3 20. Qxg3 Rf5 21. Be3 Qc7 22. Rf2 Rcf8 23. Raf1 Qd6 24. Bd4 Qd5 25. b4 R8f7 26. Qe3 g5 27. Qg3 h6 28. h4 g4 29. Qxg4+ Kh7 30. h5 Rxh5 31. Rf3 Qf5 32. Rg3 Qxg4 33. Rxg4 Rhf5 34. g3 d6 35. Re1 Bd5 36. Re2 Bf3 0-1

[Event "Titled Tuesday intern op 13th Feb Early"]
[Site "Chess.com INT"]
[Date "2024.02.13"]
[Round "3"]
[White "Silva, Miguel Antonio Neto"]
[Black "Maksimovic, Bojan"]
[Result "0-1"]
[WhiteElo "2211"]
[BlackElo "2497"]
[PlyCount "96"]
[EventDate "2024.02.13"]
[EventType "swiss (blitz)"]
[EventRounds "11"]
[EventCountry "USA"]
[SourceTitle "CB08_2024"]
[SourceDate "2024.02.21"]
[SourceVersion "1"]
[SourceVersionDate "2024.02.21"]
[SourceQuality "1"]

1. d4 a6 2. e4 e6 3. Bd3 d5 4. e5 c5 5. c3 Bd7 6. Nf3 cxd4 7. cxd4 Bb5 8. Bxb5+ axb5 9. 0-0 Nc6 10. Nbd2 Nge7 11. Nb3 Nf5 12. Be3 Be7 13. Qd3 Qb6 14. a3 0-0 15. Rfc1 Ra4 16. g4 Nh4 17. Nxh4 Bxh4 18. Nc5 Be7 19. Nd7 Qa6 20. Nxf8 Bxf8 21. Rab1 Qa5 22. h4 h6 23. g5 hxg5 24. hxg5 Rc4 25. Kg2 Ne7 26. b3 Rc6 27. Rxc6 bxc6 28. b4 Qd8 29. Rc1 Qa8 30. Rc3 g6 31. Bc1 Nf5 32. Qd1 Ne7 33. Be3 Qa6 34. f3 Nf5 35. Bf2 Qa8 36. Qc2 Ne7 37. a4 bxa4 38. Ra3 Nf5 39. Rxa4 Qb7 40. Qb3 Qb5 41. Ra8 Kg7 42. Qc3 Qe2 43. Rc8 Be7 44. Rxc6 Bxg5 45. b5 Be3 46. Qe1 Nh4+ 47. Kg3 Qxf3+ 48. Kxh4 g5# 0-1

[Event "Titled Tuesday intern op 06th Feb Late"]
[Site "Chess.com INT"]
[Date "2024.02.06"]
[Round "10"]
[White "Harriott, Tyrell"]
[Black "Maksimovic, Bojan"]
[Result "0-1"]
[WhiteElo "1806"]
[BlackElo "2497"]
[PlyCount "100"]
[EventDate "2024.02.06"]
[EventType "swiss (blitz)"]
[EventRounds "11"]
[EventCountry "USA"]
[SourceTitle "CB07_2024"]
[SourceDate "2024.02.14"]
[SourceVersion "1"]
[SourceVersionDate "2024.02.14"]
[SourceQuality "1"]

1. d4 Nf6 2. e3 g6 3. Bd3 Bg7 4. f4 d6 5. Nf3 c5 6. 0-0 0-0 7. c3 b6 8. Qe1 Bb7 9. f5 Be4 10. Bxe4 Nxe4 11. fxg6 hxg6 12. Qh4 d5 13. Nbd2 Bf6 14. Qh6 Nd7 15. Nxe4 dxe4 16. Ng5 Bxg5 17. Qxg5 Nf6 18. b3 cxd4 19. cxd4 Qd5 20. Qg3 Rac8 21. Rf2 Qe6 22. d5 Qg4 23. Qe5 Qd1+ 24. Rf1 Qxd5 25. Qxe7 Ng4 26. h3 Rxc1 27. Raxc1 Nxe3 28. Rf2 Nf5 29. Qf6 e3 30. Re2 Re8 31. Rce1 Qd3 32. Qg5 Qd6 33. h4 Kg7 34. h5 Qe5 35. hxg6 fxg6 36. Rf1 Ng3 37. Qxe5+ Rxe5 38. Rfe1 Nxe2+ 39. Rxe2 Kf6 40. g3 Kf5 41. Kg2 Ke4 42. Re1 Kd3 43. Kf3 Rf5+ 44. Kg4 e2 45. Rc1 Kd2 46. Rc8 e1Q 47. Rd8+ Kc2 48. Rc8+ Kb2 49. Rc2+ Kxc2 50. a4 Qe2+ 0-1

[Event "Titled Tuesday intern op 06th Feb Early"]
[Site "Chess.com INT"]
[Date "2024.02.06"]
[Round "3"]
[White "Kozionov, Kirill"]
[Black "Maksimovic, Bojan"]
[Result "0-1"]
[WhiteElo "2444"]
[BlackElo "2497"]
[PlyCount "130"]
[EventDate "2024.02.06"]
[EventType "swiss (blitz)"]
[EventRounds "11"]
[EventCountry "USA"]
[SourceTitle "CB07_2024"]
[SourceDate "2024.02.14"]
[SourceVersion "1"]
[SourceVersionDate "2024.02.14"]
[SourceQuality "1"]

1. e4 c5 2. Nf3 e6 3. g3 d5 4. exd5 exd5 5. d4 Nc6 6. Bg2 Nf6 7. 0-0 cxd4 8. Nxd4 Be7 9. Nc3 Bg4 10. Qd3 0-0 11. Bf4 Re8 12. a3 a6 13. Nf5 Bc5 14. h3 Bxf5 15. Qxf5 Nd4 16. Qd3 Ne6 17. Be5 Ng5 18. Bd4 Bxd4 19. Qxd4 Ne6 20. Qd2 d4 21. Ne2 Qd7 22. Rad1 Rad8 23. Rfe1 h5 24. Nf4 h4 25. Nxe6 Rxe6 26. Rxe6 Qxe6 27. Re1 Qd6 28. Qg5 hxg3 29. fxg3 d3 30. cxd3 Qd4+ 31. Kh2 Qxb2 32. Rf1 Rxd3 33. Qf5 Rd2 34. Qc8+ Kh7 35. Qf5+ g6 36. Qf3 Kg7 37. Kh1 b5 38. g4 Rd7 39. g5 Nh5 40. h4 Qe5 41. Kg1 Qc5+ 42. Kh2 Qe5+ 43. Kg1 Re7 44. Rd1 Qc5+ 45. Kh2 Re3 46. Qb7 Qe5+ 47. Kg1 Re1+ 48. Rxe1 Qxe1+ 49. Kh2 Qxh4+ 50. Kg1 Qe1+ 51. Kh2 Qe5+ 52. Kg1 Nf4 53. Be4 Qxg5+ 54. Kf2 Qe5 55. Kf3 Ne6 56. Bd5 Nd4+ 57. Kf2 Qf4+ 58. Kg2 a5 59. Qd7 b4 60. axb4 axb4 61. Kh3 Qh6+ 62. Kg4 Qh5+ 63. Kg3 Qg5+ 64. Kf2 Qf5+ 65. Kg2 Qxd7 0-1

[Event "Titled Tuesday intern op 06th Feb Early"]
[Site "Chess.com INT"]
[Date "2024.02.06"]
[Round "8"]
[White "Kushko, Dmitriy"]
[Black "Maksimovic, Bojan"]
[Result "0-1"]
[WhiteElo "2445"]
[BlackElo "2497"]
[PlyCount "52"]
[EventDate "2024.02.06"]
[EventType "swiss (blitz)"]
[EventRounds "11"]
[EventCountry "USA"]
[SourceTitle "CB07_2024"]
[SourceDate "2024.02.14"]
[SourceVersion "1"]
[SourceVersionDate "2024.02.14"]
[SourceQuality "1"]

1. Nf3 Nf6 2. g3 e6 3. Bg2 d5 4. 0-0 Bd6 5. d3 0-0 6. Nc3 e5 7. Bg5 c6 8. e4 d4 9. Ne2 c5 10. Nd2 h6 11. Bxf6 Qxf6 12. f4 Qe7 13. Nc4 Bc7 14. fxe5 Be6 15. Nd6 Nc6 16. Nf5 Qg5 17. Nf4 Nxe5 18. h4 Qd8 19. Bh3 Bxf5 20. exf5 Qd6 21. Bg2 Rae8 22. Qc1 Ng4 23. Rf3 Ne3 24. Bh3 Qf6 25. Nh5 Qc6 26. Qd2 Qxf3 0-1

[Event "Titled Tuesday intern op 06th Feb Early"]
[Site "Chess.com INT"]
[Date "2024.02.06"]
[Round "4"]
[White "Maksimovic, Bojan"]
[Black "Cervantes Landeiro, Thalia"]
[Result "1-0"]
[WhiteElo "2497"]
[BlackElo "2204"]
[PlyCount "71"]
[EventDate "2024.02.06"]
[EventType "swiss (blitz)"]
[EventRounds "11"]
[EventCountry "USA"]
[SourceTitle "CB07_2024"]
[SourceDate "2024.02.14"]
[SourceVersion "1"]
[SourceVersionDate "2024.02.14"]
[SourceQuality "1"]

1. Nf3 d5 2. g3 c5 3. Bg2 Nf6 4. 0-0 g6 5. c4 Bg7 6. cxd5 Nxd5 7. Nc3 Nxc3 8. bxc3 0-0 9. Rb1 Nd7 10. d4 cxd4 11. cxd4 Nf6 12. Ne5 Rb8 13. Nc6 bxc6 14. Rxb8 Qa5 15. Qd2 Qh5 16. Bf3 Qh3 17. Ba3 Ng4 18. Bxg4 Bxg4 19. Rfb1 Bc8 20. Bxe7 Re8 21. Bd6 h5 22. Be5 f6 23. Bd6 Kh7 24. Ra8 Re4 25. f3 Re6 26. Bf4 Re7 27. Rab8 Ba6 28. e4 g5 29. Be3 g4 30. Qg2 Qxg2+ 31. Kxg2 gxf3+ 32. Kxf3 Bd3 33. R1b7 Bxe4+ 34. Kf2 Re6 35. Rxa7 Kg6 36. Rg8 1-0